Lan Khai - Tác phẩm nghiên cứu lý luận phê bình văn học

Na minha lista:
Detalhes bibliográficos
Formato: Livro
Idioma:Undetermined
Publicado em: H. VHTT 2002
Assuntos:
Tags: Adicionar Tag
Sem tags, seja o primeiro a adicionar uma tag!
Thư viện lưu trữ: Trung tâm Học liệu Trường Đại học Cần Thơ
LEADER 00557nam a2200169Ia 4500
001 CTU_50618
008 210402s9999 xx 000 0 und d
082 |a 895.92209 
082 |b L105 
245 0 |a Lan Khai - Tác phẩm nghiên cứu lý luận phê bình văn học 
245 0 |c Trần Mạnh Tiến sưu tầm, nghiên cứu, tuyển chọn 
260 |a H. 
260 |b VHTT 
260 |c 2002 
650 |a vietnamese literature 
650 |x history and criticism 
980 |a Trung tâm Học liệu Trường Đại học Cần Thơ